000 00416nam a2200145Ia 4500
008 240729s9999 xx 000 0 und d
022 _a2657-3156
245 0 _aEuropean Journal of Translational and Clinical Medicine
260 _aPoland
260 _bMedical University of Gdańsk
650 _aMedicine
856 _uhttps://doaj.org/toc/2b8bac1e9b6a4fabb9cbdb1caa965961
942 _2ddc
942 _cDOAJEJ
999 _c68576
_d68576
945 _a1
_bMadushi Gamage
_c1
_dMadushi Gamage